Statistics for Ареалы распространения языков Евразии

Click here to take the quiz!

General Stats

  • This quiz has been taken 109 times
  • The average score is 5 of 10

Answer Stats

ВопросАреал распространения% Correct
Карельские языкиКарелия, Тверская область
100%
Азербайджанский языкАзербайджан, юг Грузии, юг Дагестана
100%
Ингушский языкИнгушетия
100%
Киргизский языкКиргизия
100%
Турецкий языкТурция
100%
Исландский языкИсландия
100%
Норвежский языкНорвегия
100%
Шведский языкШвеция, юго-восток Финляндии
100%
Датский языкДания
100%
Казахский языкКазахстан, Астраханская область
100%
Французский языкФранция, Швейцария, Бельгия и др.
100%
Итальянский языкИталия, Ватикан, Сан-Марино
100%
Португальский языкПортугалия и др.
100%
Гагаузский языкМолдавия, юго-восток Украины
100%
Крымско-татарский языкРеспублика Крым
100%
Английский языкВеликобритания, Ирландия, Индия и др.
100%
Татарский языкРеспублика Татарстан, республика Башкортостан
100%
Румынский язык{Румыния}, {Молдавия }
100%
Тувинский языкТыва
100%
Ирландский языкИрландия, Северная Ирландия (северо-запад Великобритании)
100%
Мэнский языкостров Мэн (запад Великобритании)
100%
Чувашский языкЧувашия
100%
Хантыйские языкиХМАО, ЯНАО
100%
Венгерский языкВенгрия
100%
Коми-пермяцкий языкПермский край
100%
Коми-зырянский языкРеспублика Коми
100%
Удмуртский языкУдмуртия
100%
Айнский языкХоккайдо (север Японии)
100%
Эстонские языкиЭстония
100%
Туркменский языкТуркменистан
100%
Узбекский языкУзбекистан, север Пакистана
100%
Монгольский языкМонголия, север Китая
100%
Корейский языкСеверная Корея, Южная Корея
100%
Арабский языкСаудовская Аравия, ОАЭ, Оман, Йемен, Ирак, Иордания и др.
100%
ИвритИзраиль
100%
Египетская семьяЕгипет
100%
Персидский язык (фарси)Иран
100%
Таджикский языкТаджикистан
100%
Греческий язык{Греция}, {Кипр}
100%
Латышский языкЛатвия
100%
Украинский языкУкраина
100%
Польский языкПольша
100%
Чукотский языкЧукотка
100%
Японский языкЯпония, Республика Палау
100%
Македонский языкСеверная Македония
100%
Литовский языкЛитва
100%
Бурятский языкБурятия, Иркутская область, Забайкальский край
100%
Словенский языкСловения
100%
Боснийский языкБосния и Герцеговина
100%
Финский языкФинляндия, Карелия, Ленинградская область
100%
Словацкий языкСловакия
100%
Болгарский языкБолгария
100%
Чешский языкЧехия
100%
Калмыцкий языкКалмыкия
100%
Хорватский языкХорватия
80%
Китайские языкиКитай
75%
Абхазский языкАбхазия
75%
Адыгейский языкАдыгея, Краснодарский край
67%
Шотландский языкШотландия (север Великобритании)
67%
Испанский языкИспания и др.
67%
Грузинский языкГрузия
67%
Кабардинский языкКабардино-Балкария
60%
Якутский языкЯкутия
50%
Тундровый ненецкий языкЯНАО, НАО
50%
Эрзянский языкМордовия
50%
ТигриньяЭфиопия, Эритрея
50%
Ассирийский новоарамейский языкИрак
50%
Чеченский языкЧечня, запад Дагестана
50%
Баскский языкСтрана Басков (север Испании, юго-запад Франции)
50%
Хинди и урду{Индия}, {Пакистан}
50%
Сербский языкСербия
50%
Эскимосская ветвьЧукотка, Аляска (северо-запад США), Канада, Гренландия
33%
Ногайский языксевер Дагестана, Ставропольский Край, Карачаево-Черкесия
33%
Фарерский языкФарерские острова (север Дании)
33%
Башкирский языкРеспублика Башкортостан, Челябинская область
33%
Галисийский языкГалисия (северо-запад Испании)
33%
Мокшанский языкМордовия
33%
Луговомарийский (лугововосточный марийский) языкМарий Эл
33%
Малаяламюго-запад Индии
25%
Осетинский язык{Северная Осетия}, {Южная Осетия}
20%
Корякский языкКамчатский край
0%
Белорусский языкБеларусь
0%
Колымский юкагирский (южноюкагирский) языксеверо-восток Якутии
0%
Тундренный юкагирский (северноюкагирский) языксеверо-восток Якутии
0%
Кетский языкюго-запад Красноярского края
0%
Кашубский языкПоморское воеводство (север Польши)
0%
Амхарский языкЭфиопия
0%
Верхнелужицкий языкСаксония (восток Германии)
0%
Алюторский языкКамчатский край
0%
Удэгейский языкПриморский край, Хабаровский край
0%
Негидальский языкХабаровский край
0%
Нанайский языкХабаровский край
0%
Эвенский языкЯкутия, Магаданская область
0%
Эвенкийский языкЯкутия, Хабаровский край, Красноярский край
0%
Нижнелужицкий языкСаксония (восток Германии)
0%
Маньчжурский и сибинский языкисевер Китая
0%
Алеутская ветвьАлеутские острова, Аляска (северо-запад США)
0%
Ительменский языкКамчатский край
0%
Телугуюго-восток Индии
0%
Тоскский диалектюг Албании
0%
Омотская семьяЭфиопия, Судан
0%
Чадская семьяНигерия, Нигер, Чад
0%
Берберо-канарская семьяАлжир, Марокко, Мали, Нигер, Ливия, Туниз
0%
Кушитская семьяСомали, Эфиопия, Эритрея, Джибути, Кения
0%
Каннадаюго-запад Индии
0%
Тамильский языкюг Индии, Шри-Ланка
0%
Брагуи (брауи)Пакистан
0%
Гегский диалектКосово (юго-запад Сербии), север Албании
0%
Мегрельский языксеверо-запад Грузии, Абхазия
0%
Лазский языксевер Турции
0%
Сванский языксеверо-запад Грузии
0%
Татский языксеверо-восток Азербайджана
0%
Абазинский языкКарачаево-Черкесия
0%
БурушаскиКашмир (северо-восток Пакистана)
0%
Латгальский языкЛатгалия (восток Латвии)
0%
Русский языкРоссия, Беларусь
0%
Армянский язык{Армения, юг Грузии}, {Абхазия}
0%
АфрикаансЮАР
0%
Уйгурский языкСиньцзян (северо-запад Китая)
0%
Ижорский языкЛенинградская область
0%
Табасаранский языкюг Дагестана
0%
Арчинский языкюг Дагестана
0%
Рутульский языкюг Дагестана, север Азербайджана
0%
Горномарийский языкМарий Эл
0%
Цахурский языкюг Дагестана, север Азербайджана
0%
Удинский языквосток Грузии, север Азербайджана, юг Дагестана
0%
Будухский языксевер Азербайджана
0%
Водский языкЛенинградская область
0%
Вепсский языкКарелия, Ленинградская область
0%
Лезгинский языкюг Дагестана, север Азербайджана
0%
Крызский языксевер Азербайджана
0%
Лакский языкюг Дагестана
0%
Хиналугский языксевер Азербайджана
0%
Цезская ветвьюг Дагестана
0%
Аварский языкцентральный Дагестан
0%
Кайтагский языкцентральный Дагестан
0%
Кубачинский языкцентральный Дагестан
0%
Акушинский языкцентральный Дагестан
0%
Агульский языкюг Дагестана
0%
Мансийские языкиХМАО
0%
Немецкий язык{Германия}, {Швейцария}, {Австрия}
0%
Сардинский языкостров Сардиния (запад Италии)
0%
Голландский (нидерландский) язык{Нидерланды}, {Бельгия}
0%
Бацбийский языкКахетия (восток Грузии)
0%
Фризские языкисевер Нидерландов, северо-запад Германии
0%
Каталанский язык{Каталония, Валенсия, Балеарские острова (восток Испании)}, {Андорра}
0%
Окситанский (провансальский) языкОкситания (юг Франции)
0%
Каракалпакский языкКаракалпакстан (северо-запад Узбекистана)
0%
Караимский язык{Республика Крым}, {юго-восток Литвы}
0%
Карачаево-балкарский языкКарачаево-Черкесия, Кабардино-Балкария
0%
Кумыкский языксевер Дагестана
0%
Кильдинский саамский языкМурманская область
0%
Хакасский языкХакассия
0%
Ретороманские языкиШвейцария, северо-восток Италии
0%
Валлийский языкУэльс (юго-запад Великобритании)
0%
Бретонский языкБретань (северо-запад Франции)
0%
Селькупские языкиТомская область, ЯНАО
0%
Нганасанский языксевер Красноярского края
0%
Энецкий языксевер Красноярского края
0%
Лесной ненецкий языкЯНАО, ХМАО
0%
Корнский языкКорнуолл (юго-запад Великобритании)
0%
Нивхский языкСахалин
0%

Score Distribution

Percentile by Number Answered

Percent of People with Each Score

Your Score History

You have not taken this quiz